この路線、JR? - Statistics

General Stats
  • This quiz has been taken 48 times
  • The average score is 7 of 20
Answers on the Grid
Answers color-coded by a green-red scale on the quiz's grid according to % correct below.
瀬棚線
宮之城線
佐賀線
倉吉線
日中線
篠山線
鍛冶屋原線
伊勢線→伊勢鉄道
二俣線→天竜浜名湖鉄道
越美南線→長良川鉄道
高森線→南阿蘇鉄道
明知線→明知鉄道
矢島線→由利高原鉄道
北条線→北条鉄道
樽見線→樽見鉄道
久慈線→三陸鉄道
宮野線
上山田線
可部線(可部~三段峡)
大社線
鍛冶屋線
三江線(江津~三次)
岩泉線
深名線
松前線
幌内線
湯前線→くま川鉄道
足尾線→わたらせ渓谷鉄道
長井線→山形鉄道
真岡線→真岡鐵道
松浦線→松浦鉄道
能登線→のと鉄道
若桜線→若桜鉄道
会津線→会津鉄道
信楽線→信楽高原鉄道
池北線→北海道ちほく高原鉄道
 
Answer Stats
Answer % Correct
三江線(江津~三次)
72%
岩泉線
59%
深名線
57%
可部線(可部~三段峡)
52%
大社線
43%
能登線→のと鉄道
43%
池北線→北海道ちほく高原鉄道
41%
信楽線→信楽高原鉄道
37%
松前線
35%
長井線→山形鉄道
35%
鍛冶屋線
33%
若桜線→若桜鉄道
33%
真岡線→真岡鐵道
26%
幌内線
22%
足尾線→わたらせ渓谷鉄道
22%
松浦線→松浦鉄道
22%
会津線→会津鉄道
22%
湯前線→くま川鉄道
17%
宮野線
15%
上山田線
15%
No matching quizzes found
Score Distribution
Percent of People with Each Score
Percentile by Number Answered
Your Score History
You have not taken this quiz